Largest Midwestern Cities - Statistics

General Stats
  • This quiz has been taken 37 times
  • The average score is 31 of 50
Answer Stats
State Population (2025) Answer % Correct
IL 2.715M Chicago
100%
MI 648K Detroit
100%
IN 893K Indianapolis
100%
OH 364K Cleveland
97%
OH 940K Columbus
97%
WI 560K Milwaukee
97%
MN 428K Minneapolis
97%
MO 275K St. Louis
97%
MN 307K St. Paul
94%
OH 316K Cincinnati
90%
IA 213K Des Moines
90%
MO 518K Kansas City
90%
KS 157K Kansas City
90%
NE 303K Lincoln
87%
WI 288K Madison
87%
NE 488K Omaha
84%
MO 171K Springfield
84%
IL 113K Springfield
84%
KS 402K Wichita
84%
KS 125K Topeka
81%
OH 190K Akron
77%
OH 264K Toledo
77%
SD 213K Sioux Falls
74%
OH 136K Dayton
71%
MI 200K Grand Rapids
68%
MI 115K Lansing
68%
ND 139K Fargo
65%
IN 275K Fort Wayne
58%
IA 101K Davenport
52%
IL 152K Joliet
48%
IL 154K Naperville
48%
KS 204K Overland Park
48%
MI 123K Ann Arbor
45%
IL 181K Aurora
42%
IA 138K Cedar Rapids
42%
IN 115K Evansville
39%
IL 111K Peoria
39%
IL 147K Rockford
39%
MO 132K Columbia
35%
MN 124K Rochester
35%
IN 104K South Bend
32%
MO 121K Independence
29%
MI 137K Warren
29%
MI 106K Dearborn
26%
KS 151K Olathe
26%
MI 134K Sterling Heights
26%
IN 105K Carmel
19%
IN 105K Fishers
16%
IL 115K Elgin
10%
MO 108K Lee's Summit
10%
No matching quizzes found
Score Distribution
Percent of People with Each Score
Percentile by Number Answered
Your Score History
You have not taken this quiz